000
00292nam a2200097Ia 4500
001
1143913
005
20250827010204.0
008
250824s9999 xx 000 0 und d
245
0
_a
OSMALI'DA İKTİDAR KAVGASI VE HANEDAN İÇİ KIYIMLAR
_c
AHMET HALDUN TERZİOĞLU
260
_b
PANAMA YAYINLARI
999
_c
1143913
_d
1143913